Score 0/22 Timer 02:00
1 Play Today
Movie Title Missing Word % Correct
A League of Their ____Own
96.9%
Million Dollar ____Baby
94%
____ of DreamsField
91.4%
Remember the ____Titans
91%
____ Night LightsFriday
90.9%
Bend It Like ____Beckham
90.7%
The Bad ____ BearsNews
87.7%
The Mighty ____Ducks
87%
____ JamSpace
85.1%
The ____ YardLongest
84.6%
____ in the OutfieldAngels
84.3%
Movie Title Missing Word % Correct
____ RunningsCool
83.9%
Chariots of ____Fire
83.6%
Raging ____Bull
82.3%
Major ____League
78.6%
The Legend of Bagger ____Vance
66.2%
Coach ____Carter
66.1%
Bull ____Durham
61.9%
____ of the YearRookie
59.3%
Eight Men ____Out
53%
The ____ of the YankeesPride
45%
____ ShotSlap
39.7%

Today's Daily Dose

Remove Ads.
Support Sporcle.
Get the best of Sporcle when you Go Orange. This ad-free experience offers more features, more stats, and more fun while also helping to support Sporcle. Thank you for becoming a member.

You're not logged in!

Compare scores with friends on all Sporcle quizzes.
OR
Log In

Show Comments

Extras

Top Quizzes Today


Score Distribution

Your Account Isn't Verified!

In order to create a playlist on Sporcle, you need to verify the email address you used during registration. Go to your Sporcle Settings to finish the process.

Report this User

Report this user for behavior that violates our Community Guidelines.

Details: